Vehc̕ulos automatizados y seguro obligatorio de automv̤iles Estudio de derecho comparado

Bibliographic Details
Format: eBook
Language:Spanish
Published: Madrid: Dykinson, 2021
Subjects:
Online Access:Acceso restringido

MARC

LEADER 00000nam a22000007a 4500
005 20220610232844.0
007 cr|||| ||||
008 220610s2021 es |||||s|||| 00||0 spa d
020 |a 978-84-1377-662-0 
035 |a 35620 
040 |a vLex 
090 |c 13416  |d 13416 
245 0 0 |a Vehc̕ulos automatizados y seguro obligatorio de automv̤iles  |h [Recurso electrn̤ico] :  |b Estudio de derecho comparado 
256 |a Servicio en ln̕ea 
260 |a Madrid:  |b Dykinson,  |c 2021 
300 |a 1 recurso electrn̤ico 
506 1 |a Disponible solo en los productos indicados  |d vLex Global  |d vLex Global (Academic Edition, excluding Law Schools)  |d vLex Global (U.S. Academic Edition, Law Schools)  |d vLex Global (U.S. Academic Edition, excluding Law Schools)  |d vLex Global (Academic Edition, Law Schools) 
650 0 4 |a Derecho Civil  |z Espaą 
650 0 4 |a Seguros  |z Espaą 
740 0 |a vLex Libros (Servicio en ln̕ea) 
856 4 0 |u https://app.vlex.com/#/sources/35620  |z Acceso restringido 
942 |c BOOK 
999 0 |a Civil Law 
999 0 |a Insurance